Kolízne stavy v pracovisku s robotom (Collisions situations of Robot in the workplace) [CD-ROM] : Diplomová práca

Salvato in:
Dettagli Bibliografici
Autore principale: Dančo, Ján, 1982- (Autore)
Altri autori: Králik, Marián, 1953- (xxx), Červeňan, Andrej, 1971- (Opponente)
Natura: Manoscritto Libro
Lingua:slovacco
Pubblicazione: Bratislava : STU v Bratislave SjF, 2008
Edizione:1. vyd.
Soggetti:
Tags: Aggiungi Tag
Nessun Tag, puoi essere il primo ad aggiungerne!!

MARC

LEADER 00000ntm a22000003a 4500
001 stu176100
005 20150617225609.4
008 081124s2008----xo------------------slo-d
040 |a STU  |b slo 
041 0 |a slo 
044 |a xo 
100 1 |a Dančo, Ján,  |d 1982-  |4 aut  |u J0070  |9 10  |U SjF Strojnícka fakulta  |T SjF Ústav výrobných systémov, enviromentálnej techniky a manažment kvality  |X 13838  |U J0070  |Y 804  |7 A000013838 
245 1 |a Kolízne stavy v pracovisku s robotom (Collisions situations of Robot in the workplace) [CD-ROM] :  |b Diplomová práca 
250 |a 1. vyd. 
260 |a Bratislava :  |b STU v Bratislave SjF,  |c 2008 
300 |a 52 s 
650 7 |a CATIA  |2 stusub 
650 7 |a SCARA  |2 stusub 
650 7 |a simulácia  |2 stusub 
650 7 |a simulation  |2 estusub 
650 7 |a collisions  |2 estusub 
700 1 |a Králik, Marián,  |d 1953-  |4 xxx  |u J0070  |U SjF Strojnícka fakulta  |T SjF Ústav výrobných systémov, enviromentálnej techniky a manažment kvality  |X 2483  |U J0070  |Y 804  |7 A000002483 
700 1 |a Červeňan, Andrej,  |d 1971-  |4 opn  |u J0070  |U SjF Strojnícka fakulta  |T SjF Ústav výrobných systémov, enviromentálnej techniky a manažment kvality  |X 2273  |U J0070  |Y 804  |7 A000002273 
996 |b 284J035042  |c J*42/DP  |l JJSK  |s A  |a 24  |w stu176100_0001